| 000 | 00682nam a22002177a 4500 | ||
|---|---|---|---|
| 999 |
_c9519 _d9519 |
||
| 003 | AR-CdUCM | ||
| 008 | 190328b ||||| |||| 00| 0 spa d | ||
| 040 |
_aMUNICIPALIDAD PROVINCIAL DEL CUSCO _cBIBLIOTECA MUNICIPAL DEL CUSCO |
||
| 082 |
_aC / 985.613 / _bU92 |
||
| 100 |
_aCarrera Profesional de Historia _925776 |
||
| 245 |
_aHistoria e Identidad : _bMollepata / |
||
| 260 |
_aCusco : _c1994. |
||
| 300 |
_a38 páginas ; _c21 cm. |
||
| 505 | _aContenido: Historia de Mollepata. | ||
| 650 |
_aHistoria de Mollepata _925777 |
||
| 650 |
_aCusco _9772 |
||
| 650 |
_aUnsaac _98726 |
||
| 700 |
_aFacultad de Ciencias Sociales Unsaac _925778 |
||
| 942 |
_2ddc _cLIBROS |
||
| 945 | _adavv | ||